000 00511nam a2200205Ia 4500
003 0100
008 130303s9999 xx 000 0 und d
020 _a9780492402
040 _cARRUPELIB
050 _aHC1055.I39 2003
100 _aIke, Obiora F.
245 _aDevelopment is about people business is about ethics
260 _aEnugu
260 _bCatholic Institute for Development
260 _C2003
300 _a140p.
300 _b 22cm
700 _aEdozien, Ndidi Nnoli
942 _2lcc
_01
999 _c63317
_d63317